Venezuela al borde del abismo

Guardado en:
書目詳細資料
格式: Texto
標簽: 添加標簽
沒有標簽, 成為第一個標記此記錄!

MARC

LEADER 00000 a a2200000 04500
001 42601
003
040
245 |a Venezuela al borde del abismo  
773 |g volumen25, número1110 ( , 2004), páginas 4-6  
999 |c 35254  |d 35254